000 00893nas a2200289 4500
001 BR2014007989
003 BR-BrBNA
005 20231205124826.0
007 ta
008 230509b bl.|||p| |||| 00| 00por d
040 _aBR-BrBNA
_bpor
_cBiblioteca Nacional de Agricultura
041 _a(Pt)
072 _aQ03
100 1 _aTibolla, M.
100 1 _aTaborda, C.
100 1 _aBe, L.P.
100 1 _aReinehr, C.O.
100 1 _aColla,L.M.
245 1 _aAvaliação das boas práticas em estabelecimentos de tele-entrega de alimentos prontos na cidade de Passo Fundo, RS
650 _aALIMENTO PREPARADO
650 _aCONTAMINAÇÃO
650 _aSAÚDE PÚBLICA
650 _aLEGISLAÇÃO
773 0 _tHigiene Alimentar (Brazil)
_xISSN 0101-9171
_g(May-Jun 2013), v. 27(220-221) p. 40-44
_wBR2014007989
909 _a202311
_bLúcia
_c55
_dLúcia Elande
942 _2AGRIS
_n0
_cANA
999 _c241102
_d241102